<?xml version="1.0" encoding="UTF-8"?>
<record
    xmlns:xsi="http://www.w3.org/2001/XMLSchema-instance"
    xsi:schemaLocation="http://www.loc.gov/MARC21/slim http://www.loc.gov/standards/marcxml/schema/MARC21slim.xsd"
    xmlns="http://www.loc.gov/MARC21/slim">

  <leader>01665nam a22001577a 4500</leader>
  <datafield tag="999" ind1=" " ind2=" ">
    <subfield code="c">517751</subfield>
    <subfield code="d">517751</subfield>
  </datafield>
  <controlfield tag="008">210727b           ||||| |||| 00| 0 eng d</controlfield>
  <datafield tag="100" ind1=" " ind2=" ">
    <subfield code="a">Abdullah, Walid Jumblatt anD Kim, Soojin </subfield>
    <subfield code="9">27982</subfield>
  </datafield>
  <datafield tag="245" ind1=" " ind2=" ">
    <subfield code="a">Singapore&#x2019;s responses to the Covid-19 outbreak: a critical assessment</subfield>
  </datafield>
  <datafield tag="260" ind1=" " ind2=" ">
    <subfield code="a">American Review of Public Administration  </subfield>
  </datafield>
  <datafield tag="300" ind1=" " ind2=" ">
    <subfield code="a">50(6-7), Aug-Oct, 2020: p.770-776</subfield>
  </datafield>
  <datafield tag="520" ind1=" " ind2=" ">
    <subfield code="a">This article reviews how Singapore has responded to the COVID-19 pandemic, from late-January to early May, 2020, through the three-phase approach to &#x201C;learning&#x201D;: in-between learning, trial-and-error learning, and contingency learning. Given its unique political system dominated by the People&#x2019;s Action Party (PAP) and bureaucratic culture, the Singapore government has progressively implemented numerous control measures including strict travel bans, contact tracing, &#x201C;Circuit Breaker,&#x201D; compulsory mask-wearing, and social distancing policies, along with financial relief to businesses and workers, in a very top-down fashion. Although the health and treatment issues of foreign migrant workers in dormitories continue to be the subject of ongoing debate among many scholars, it should be noted that the mortality rate in Singapore still remains very low compared to that of many other countries. Singapore&#x2019;s case points to an important lesson that learning-driven coordinated strategic approaches matter for effective crisis management in the long term. &#x2013; Reproduced </subfield>
  </datafield>
  <datafield tag="650" ind1=" " ind2=" ">
    <subfield code="a">COVID-19, Crisis management, Learning, Singapore</subfield>
    <subfield code="9">25880</subfield>
  </datafield>
  <datafield tag="773" ind1=" " ind2=" ">
    <subfield code="a">American Review of Public Administration </subfield>
  </datafield>
  <datafield tag="906" ind1=" " ind2=" ">
    <subfield code="a">COVID 19 PANDEMIC - SINGAPORE</subfield>
  </datafield>
  <datafield tag="942" ind1=" " ind2=" ">
    <subfield code="c">AR</subfield>
  </datafield>
  <datafield tag="952" ind1=" " ind2=" ">
    <subfield code="0">0</subfield>
    <subfield code="1">0</subfield>
    <subfield code="2">ddc</subfield>
    <subfield code="4">0</subfield>
    <subfield code="7">0</subfield>
    <subfield code="9">391817</subfield>
    <subfield code="a">IIPA</subfield>
    <subfield code="b">IIPA</subfield>
    <subfield code="d">2021-07-27</subfield>
    <subfield code="h">50(6-7), Aug-Oct, 2020: p.770-776</subfield>
    <subfield code="p">AR125000</subfield>
    <subfield code="r">2021-07-27</subfield>
    <subfield code="y">AR</subfield>
  </datafield>
</record>
